Catálogo
Digital

Catálogo
Digital

Información, gestión y economía: Reflexiones desde la experiencia ecuatoriana (Record no. 11643)

MARC details
000 -CABECERA
campo de control de longitud fija 02969nam a2200325 4500
003 - IDENTIFICADOR DEL NÚMERO DE CONTROL
campo de control EC-UNACH
005 - FECHA Y HORA DE LA ÚLTIMA TRANSACCIÓN
campo de control 20240312095131.0
006 - CÓDIGOS DE INFORMACIÓN DE LONGITUD FIJA--CARACTERÍSTICAS DEL MATERIAL ADICIONAL
campo de control de longitud fija s||||gr|||| 00| 00
008 - DATOS DE LONGITUD FIJA--INFORMACIÓN GENERAL
campo de control de longitud fija 150116t9999 mx r gr 000 0 spa d
020 ## - NÚMERO INTERNACIONAL ESTÁNDAR DEL LIBRO
Número Internacional Estándar del Libro 978-9942-835-79-6
040 ## - FUENTE DE LA CATALOGACIÓN
Centro catalogador/agencia de origen EC-UNACH
Centro/agencia transcriptor EC-UNACH
041 ## - CÓDIGO DE LENGUA
Código de lengua del texto/banda sonora o título independiente spa
082 04 - NÚMERO DE LA CLASIFICACIÓN DECIMAL DEWEY
Número de edición 23
Número de clasificación 330
Número de documento/Ítem L015131
100 ## - ENTRADA PRINCIPAL--NOMBRE DE PERSONA
Nombre de persona Palacios Trujillo, Edinson / Naranjo Ordóñez, Susana / Palacios Trujillo, Javier / Fernández, Armida de Jesús / Cazorla Logroño, Francisca / Carrillo Pulgar, Wilman G. / Borja Lombeida, María E. / Astudillo Condo, Daysi / Erazo Guijarro, Fausto / Huilcapi Peñafiel, Sandra / Ochoa Ulloa, Pablo / Zurita Moreano, Eduardo G. / González Bautista, María G.
245 ## - MENCIÓN DE TÍTULO
Título Información, gestión y economía: Reflexiones desde la experiencia ecuatoriana
250 ## - MENCIÓN DE EDICIÓN
Mención de edición Primera Edición
264 ## - Producción, publicación, distribución, fabricación y copyright
Lugar de producción, publicación, distribución, fabricación Riobamba
Nombre del de productor, editor, distribuidor, fabricante Universidad Nacional de Chimborazo
Fecha de de producción, publicación, distribución, fabricación o copyright 2022
264 ## - Producción, publicación, distribución, fabricación y copyright
Nombre del de productor, editor, distribuidor, fabricante Producción UNACH
300 ## - DESCRIPCIÓN FÍSICA
Extensión 170 páginas
Otras características físicas figuras, tablas
500 ## - NOTA GENERAL
Nota general La información es un elemento fundamental en la economía; ya sea en el ejercicio de lo público o de lo privado, desde lo macro hasta la circunstancia más cotidiana, la información está presente. La información y el acceso a la misma juega un papel cada vez más importante para el funcionamiento de las empresas, el mercado y el gobierno. La información es en sí una fuerza productiva y la base de todas las decisiones. Por tanto, su acceso y gestión es un factor fundamental. Es un derecho y un componente trascendental del desarrollo.<br/><br/>La información es un activo que actualmente se ha convertido en un elemento clave en la estrategia competitiva de países y empresas. En las sociedades actuales, solo perviven las organizaciones que gestionan su información y crean nuevos conocimientos y los gestionan adecuadamente. Es decir, aquellas que reconocen a la información como un recurso indispensable para ampliar su competitividad y aumentar la calidad de los servicios que prestan a ciudadanos y clientes. Las organizaciones serán más valoradas en la medida que tengan una mayor capacidad para gestionar su información, y que esto sea la base para su competitividad y su conexión con clientes y ciudadanos.
501 ## - NOTA DE "CON"
Nota de “Con” Incluye índice, conclusiones, indice de tablas, índice de figuras.
505 ## - NOTA DE CONTENIDO CON FORMATO
Nota de contenido con formato Tomando decisiones gerenciales con el apoyo de las tecnologías de la información.-- Encuesta de opinión para la evaluación de la gestión pública en la ciudad de Riobamba al 2018.-- The ecuadorian flower cluster.-- Los ciclos económicos. Un análisis microeconómico.
650 ## - PUNTO DE ACCESO ADICIONAL DE MATERIA--TÉRMINO DE MATERIA
Término de materia o nombre geográfico como elemento inicial Tecnologías de la información
856 ## - LOCALIZACIÓN Y ACCESO ELECTRÓNICOS
Identificador Uniforme del Recurso <a href="https://doi.org/10.37135/u.editorial.05.50">https://doi.org/10.37135/u.editorial.05.50</a>
Texto de enlace Libro digital Información, gestión y economía: Reflexiones desde la experiencia ecuatoriana
942 ## - ELEMENTOS DE PUNTO DE ACCESO ADICIONAL (KOHA)
Fuente del sistema de clasificación o colocación Clasificación Decimal Dewey
Tipo de ítem Koha Libros
999 ## - NÚMEROS DE CONTROL DE SISTEMA (KOHA)
Koha biblionumber 11643
Holdings
Estado de pérdida Fuente del sistema de clasificación o colocación Estado dañado No para préstamo Localización permanente Ubicación/localización actual Ubicación en estantería Fecha de adquisición Fuente de adquisición Total de préstamos Signatura topográfica completa Código de barras Fecha visto por última vez Precio válido a partir de Tipo de ítem Koha Estado de retiro Centro de costos
  Clasificación Decimal Dewey     Biblioteca Campus Norte Biblioteca Campus Norte Economía 22/03/2023 Producción Científica UNACH   330 PAL L015131 L015131 22/03/2023 22/03/2023 Libro electrónico    

Powered by Koha